Cargando…

Rhetoric and the Gift : Ancient Rhetorical Theory and Contemporary Communication /

"Examines questions in contemporary communication by turning to Aristotle's rhetorical theory and his use of Homer's idea of exchange, or gift-giving, and analyzes our conceptions of relational ethics in communication, including the ways these play out in politics, law, and culture&qu...

Descripción completa

Detalles Bibliográficos
Autor principal: Mifsud, Mari Lee, 1967-
Formato: Electrónico eBook
Idioma:Inglés
Publicado: Pittsburgh : Duquesne University Press, 2015.
Colección:Book collections on Project MUSE.
Temas:
Acceso en línea:Texto completo

MARC

LEADER 00000cam a22000004a 4500
001 musev2_43399
003 MdBmJHUP
005 20230905044538.0
006 m o d
007 cr||||||||nn|n
008 150320s2015 pau o 00 0 eng d
020 |a 9780820706160 
020 |z 9780820704852 
020 |z 0820704857 
035 |a (OCoLC)930483274 
040 |a MdBmJHUP  |c MdBmJHUP 
100 1 |a Mifsud, Mari Lee,  |d 1967- 
245 1 0 |a Rhetoric and the Gift :   |b Ancient Rhetorical Theory and Contemporary Communication /   |c Mari Lee Mifsud. 
264 1 |a Pittsburgh :  |b Duquesne University Press,  |c 2015. 
264 3 |a Baltimore, Md. :  |b Project MUSE,   |c 2015 
264 4 |c ©2015. 
300 |a 1 online resource (220 pages). 
336 |a text  |b txt  |2 rdacontent 
337 |a computer  |b c  |2 rdamedia 
338 |a online resource  |b cr  |2 rdacarrier 
490 0 |a Philosophy/communication: studies in hermeneutics, ethics, and critical theory 
505 0 |a From technical to creative historiography -- For the love of homer -- Homer in Aristotle's rhetoric: a catalog offering -- Homeric givens -- Aristotle's generation of arguments and Homeric givens -- Sacrificing Homeric givens for the technä of the polis -- Generating justice in exception via Homeric givens: hyperbole of generosity and equity. 
520 |a "Examines questions in contemporary communication by turning to Aristotle's rhetorical theory and his use of Homer's idea of exchange, or gift-giving, and analyzes our conceptions of relational ethics in communication, including the ways these play out in politics, law, and culture"--  |c Provided by publisher. 
546 |a English. 
588 |a Description based on print version record. 
600 0 7 |a Homer.  |2 fast  |0 (OCoLC)fst00029137 
600 0 0 |a Aristotle.  |t Rhetoric. 
600 0 0 |a Homer  |x Influence. 
650 7 |a Languages & Literatures.  |2 hilcc 
650 7 |a Greek & Latin Languages & Literatures.  |2 hilcc 
650 7 |a Rhetoric, Ancient.  |2 fast  |0 (OCoLC)fst01096982 
650 7 |a Influence (Literary, artistic, etc.)  |2 fast  |0 (OCoLC)fst00972484 
650 6 |a Rhetorique ancienne. 
650 0 |a Rhetoric, Ancient. 
630 0 7 |a Rhetoric (Aristotle)  |2 fast  |0 (OCoLC)fst01357165 
655 7 |a Electronic books.   |2 local 
710 2 |a Project Muse.  |e distributor 
830 0 |a Book collections on Project MUSE. 
856 4 0 |z Texto completo  |u https://projectmuse.uam.elogim.com/book/43399/ 
945 |a Project MUSE - Custom Collection 
945 |a Project MUSE - 2015 Philosophy and Religion 
945 |a Project MUSE - 2015 Complete